Tengeri jogunk codificatiója
Elmentve itt :
| Szerző: | |
|---|---|
| Dokumentumtípus: | Cikk |
| Megjelent: |
1892
|
| Sorozat: | A kereskedelmi jog és ismeretek tára : havi folyóirat
2 No. 30 |
| Kulcsszavak: | Jogtudomány, Közgazdaságtudomány |
| Online Access: | http://misc.bibl.u-szeged.hu/2547 |
| LEADER | 00600nab a2200169 i 4500 | ||
|---|---|---|---|
| 001 | misc2547 | ||
| 005 | 20191106144414.0 | ||
| 008 | 170607s1892 hu o 0|| hun d | ||
| 040 | |a SZTE Miscellanea Repozitórium |b hun | ||
| 041 | |a hun | ||
| 100 | 1 | |a Róth Pál | |
| 245 | 1 | 0 | |a Tengeri jogunk codificatiója |h [elektronikus dokumentum] / |c Róth Pál |
| 260 | |c 1892 | ||
| 300 | |a 1-3 | ||
| 490 | 0 | |a A kereskedelmi jog és ismeretek tára : havi folyóirat |v 2 No. 30 | |
| 695 | |a Jogtudomány, Közgazdaságtudomány | ||
| 856 | 4 | 0 | |u http://misc.bibl.u-szeged.hu/2547/1/kereskedelmi_002_030_001-003.pdf |z Dokumentum-elérés |